LDR 00717naa#a2200169#i#450# 001 EN\INFRA-M\bibl\115897 005 20260502160452.6 011 ## _a2500-0543 100 ## _a20260401b2026####ek#y0engy0150####ca 102 ## _aRU 200 1# _aThe use of methods of psychophysiological self-regulation in the process of initial professional training of law enforcement officers _eJournal article 210 1# _aMoscow _cINFRA-M Academic Publishing LLC. _d2026 215 ## _a12 с. 608 ## _aJournal article _2local 675 ## _aПсихология. 159.9 _aНародное образование. Воспитание. Обучение. Организация досуга. 37 _z 700 #1 _aBerezuckaya _gYuliya Petrovna 856 4# _azh-szf.ru _u